[Event "31st World Senior 50+"]
[Site "Citta del Mare ITA"]
[Date "2023.10.25"]
[Round "1.1"]
[White "Steadman, Michael V R"]
[Black "Adams, Michael"]
[Result "0-1"]
[WhiteTitle "FM"]
[BlackTitle "GM"]
[WhiteElo "2114"]
[BlackElo "2670"]
[WhiteFideId "4300548"]
[BlackFideId "400041"]
[EventDate "2023.10.25"]

1. e4 e5 2. d4 exd4 3. Qxd4 Nc6 4. Qd3 Nf6 5. Nc3 Be7 6. f4 O-O 7. Nf3 d5 8. e5
Nb4 9. Qe2 Ne4 10. a3 Nxc3 11. bxc3 Nc6 12. Bb2 f6 13. exf6 Rxf6 14. Qd2 Re6+
15. Be2 Bc5 16. Nd4 Re7 17. O-O Bf5 18. Kh1 Bxd4 19. cxd4 Qd7 20. Rfe1 Rae8 21.
c4 Na5 22. Qxa5 Rxe2 23. Qc3 h6 24. c5 Qb5 0-1

[Event "31st World Senior 50+"]
[Site "Citta del Mare ITA"]
[Date "2023.10.26"]
[Round "2.7"]
[White "Chinchilla Miranda, Eugenio"]
[Black "Matamoros Franco, Carlos S."]
[Result "0-1"]
[WhiteTitle "FM"]
[BlackTitle "GM"]
[WhiteElo "2179"]
[BlackElo "2455"]
[WhiteFideId "6500072"]
[BlackFideId "3600017"]
[EventDate "2023.10.25"]

1. d4 e6 2. c4 b6 3. e4 Bb4+ 4. Nd2 Bb7 5. Qc2 Nf6 6. Bd3 e5 7. Nf3 exd4 8. Nxd4
O-O 9. O-O Re8 10. f3 Bf8 11. Kh1 a5 12. b3 Na6 13. Bb2 Nb4 14. Qb1 a4 15. Be2
a3 16. Bc3 d5 17. cxd5 Nfxd5 18. Qc1 Nxc3 19. Qxc3 Qf6 20. Nc4 Nc6 21. Nb5 Qxc3
22. Nxc3 Nd4 23. Rfd1 Bb4 24. Nd5 Bxd5 25. Rxd4 Bc3 26. Rxd5 Bxa1 27. Rd7 b5 28.
Ne3 Red8 0-1

[Event "31st World Senior 50+"]
[Site "Citta del Mare ITA"]
[Date "2023.10.27"]
[Round "3.8"]
[White "Sturua, Zurab"]
[Black "Lasinskas, Povilas"]
[Result "1-0"]
[WhiteTitle "GM"]
[BlackTitle "FM"]
[WhiteElo "2514"]
[BlackElo "2143"]
[WhiteFideId "13600095"]
[BlackFideId "12800503"]
[EventDate "2023.10.25"]

1. d4 Nf6 2. c4 e6 3. Nc3 Bb4 4. e3 O-O 5. Ne2 b6 6. a3 Be7 7. e4 d6 8. Ng3 c5
9. d5 exd5 10. cxd5 Nbd7 11. Be2 Ne8 12. O-O g6 13. Bh6 Ng7 14. f4 a6 15. a4 Qc7
16. Kh1 Rb8 17. e5 dxe5 18. Nce4 Bd6 19. f5 f6 20. Bg4 Ne8 21. fxg6 hxg6 22.
Be6+ Kh7 23. Qg4 Kxh6 24. Nf5+ gxf5 25. Rxf5 Ng7 26. Ra3 1-0

[Event "31st World Senior 50+"]
[Site "Citta del Mare ITA"]
[Date "2023.10.29"]
[Round "5.2"]
[White "Prasad, Devaki V"]
[Black "Adams, Michael"]
[Result "0-1"]
[WhiteTitle "IM"]
[BlackTitle "GM"]
[WhiteElo "2200"]
[BlackElo "2670"]
[WhiteFideId "5000050"]
[BlackFideId "400041"]
[EventDate "2023.10.25"]

1. e4 e5 2. Nf3 Nc6 3. Bc4 Nf6 4. d3 Bc5 5. c3 a6 6. a4 d6 7. O-O Ba7 8. Re1 Ng4
9. Re2 Qf6 10. b4 O-O 11. h3 Nh6 12. Be3 Qg6 13. Kh1 Kh8 14. Bxa7 Rxa7 15. Nbd2
Nd8 16. d4 Ne6 17. Bxe6 Qxe6 18. Nf1 f6 19. a5 Qf7 20. Ng3 Ra8 21. Qd2 Be6 22.
Ree1 Rad8 23. Qe3 Rde8 24. Qd2 Ng8 25. Rad1 Ne7 26. Qe3 Ng6 27. Ne2 h6 28. Kg1
Bb3 29. Rb1 Bc2 30. Rbc1 exd4 31. Nexd4 Bxe4 32. c4 c5 33. bxc5 dxc5 34. Ne2 Bc6
35. Qc3 Rd8 0-1

[Event "31st World Senior 50+"]
[Site "Citta del Mare ITA"]
[Date "2023.10.29"]
[Round "5.7"]
[White "Boulard, Eric"]
[Black "Bischoff, Klaus"]
[Result "0-1"]
[BlackTitle "GM"]
[WhiteElo "2181"]
[BlackElo "2473"]
[WhiteFideId "601195"]
[BlackFideId "4600045"]
[EventDate "2023.10.25"]

1. c4 g6 2. Nf3 Bg7 3. g3 d6 4. Bg2 a6 5. O-O c6 6. Nc3 b5 7. d3 Bb7 8. Qc2 Nf6
9. a3 O-O 10. b3 Nbd7 11. Bb2 e5 12. e3 d5 13. Rfd1 Qe7 14. Rac1 Rfe8 15. Qb1
Rad8 16. cxb5 cxb5 17. e4 d4 18. Ne2 Nc5 19. Nd2 Bh6 20. b4 Na4 21. Rc2 Bc8 22.
Nb3 Be6 23. Nc5 Nxc5 24. Rxc5 Nd7 25. Rc6 Nb8 26. Rc5 f6 27. Bc1 Bf8 28. Bd2 Qd7
29. Rc2 Rc8 30. Rdc1 Rxc2 31. Rxc2 a5 32. bxa5 Bxa3 33. Bb4 Bxb4 34. Qxb4 Na6
35. Qb2 b4 36. Rc1 Qb5 37. Bf1 Nc5 38. Rb1 b3 39. Nxd4 exd4 40. Qxd4 Qxa5 41.
Qxf6 Qa2 42. Ra1 Qc2 43. Ra7 Nd7 44. Qd4 Qc5 45. Rxd7 Qxd4 46. Rxd4 Rb8 0-1

[Event "31st World Senior 50+"]
[Site "Citta del Mare ITA"]
[Date "2023.10.30"]
[Round "6.1"]
[White "Adams, Michael"]
[Black "Atalik, Suat"]
[Result "1/2-1/2"]
[WhiteTitle "GM"]
[BlackTitle "GM"]
[WhiteElo "2670"]
[BlackElo "2427"]
[WhiteFideId "400041"]
[BlackFideId "14401487"]
[EventDate "2023.10.25"]

1. e4 e5 2. Nf3 Nc6 3. Bc4 Bc5 4. d3 Nf6 5. a4 d6 6. O-O h6 7. a5 a6 8. Be3 Bxe3
9. fxe3 Be6 10. Bxe6 fxe6 11. Nbd2 O-O 12. c3 Qd7 13. Qb3 Kh8 14. h3 Rab8 15.
Rf2 d5 16. Qc2 Rfd8 17. d4 exd4 18. exd4 dxe4 19. Nxe4 Nxe4 20. Qxe4 Rf8 21.
Raf1 Kg8 22. b4 Qd5 23. Re1 Rf6 24. Rfe2 Qxe4 25. Rxe4 Kf7 26. Nd2 b6 27. axb6
cxb6 28. R4e2 Rd8 29. Nc4 b5 30. Ne5+ Nxe5 31. Rxe5 Rd5 32. h4 Rxe5 33. Rxe5 Ke7
34. Rc5 1/2-1/2

[Event "31st World Senior 50+"]
[Site "Citta del Mare ITA"]
[Date "2023.11.01"]
[Round "7.12"]
[White "Kalisky, Vladimir"]
[Black "Cabe, Arlan"]
[Result "0-1"]
[BlackTitle "FM"]
[WhiteElo "2169"]
[BlackElo "2303"]
[WhiteFideId "14903121"]
[BlackFideId "5203627"]
[EventDate "2023.10.25"]

1. e4 g6 2. d4 Bg7 3. Nf3 d6 4. Bd3 c5 5. c3 Nf6 6. O-O O-O 7. Re1 cxd4 8. cxd4
Nc6 9. Nc3 Bg4 10. Be3 Nd7 11. Be2 Nb6 12. b3 e5 13. dxe5 dxe5 14. Bc5 Re8 15.
Nb5 Bxf3 16. Bxf3 Nd4 17. Be2 Re6 18. a4 a6 19. Nc3 Rc8 20. Bxb6 Rxb6 21. Bc4
Rbc6 22. Qg4 Kh8 23. Red1 Qf8 24. Nd5 f5 25. Qh4 Rd6 26. a5 fxe4 27. Qxe4 Rcd8
28. Rd3 Qf5 29. f3 Qd7 30. Nb6 Qc7 31. Rad1 Qc5 32. Kf1 Qxa5 33. Na4 b5 34. Nc5
bxc4 35. Nb7 Qc7 36. bxc4 Qxc4 37. Nxd6 Rxd6 38. Qa8+ Qg8 39. Qb7 h5 40. Rc1 Qa2
41. Qe4 Qf7 42. h3 Kh7 43. Rc5 Nf5 44. Kg1 Qa7 45. Rc3 Rd1+ 46. Kh2 Rh1+ 47.
Kxh1 Ng3+ 48. Kh2 Nxe4 49. fxe4 h4 50. g3 Kh6 51. gxh4 Bf8 52. Rc8 Qf2+ 53. Kh1
a5 54. R3c4 Kh5 55. R4c7 Qf1+ 56. Kh2 Qf4+ 0-1

[Event "31st World Senior 50+"]
[Site "Citta del Mare ITA"]
[Date "2023.11.02"]
[Round "8.2"]
[White "Adams, Michael"]
[Black "Stefansson, Hannes"]
[Result "1/2-1/2"]
[WhiteTitle "GM"]
[BlackTitle "GM"]
[WhiteElo "2670"]
[BlackElo "2529"]
[WhiteFideId "400041"]
[BlackFideId "2300087"]
[EventDate "2023.10.25"]

1. e4 e5 2. Nf3 Nc6 3. Bb5 Nf6 4. d3 Bc5 5. c3 O-O 6. O-O d6 7. h3 a6 8. Ba4 h6
9. Re1 Re8 10. Nbd2 b5 11. Bc2 Bb7 12. Nf1 d5 13. Bd2 b4 14. Ng3 a5 15. Rc1 bxc3
16. Bxc3 dxe4 17. dxe4 Qxd1 18. Rexd1 a4 19. a3 Re6 20. Nf5 Bb6 21. Re1 Nd7 22.
Ne3 Nd4 23. Bxd4 exd4 24. Nc4 c5 25. e5 Ba5 26. Bxa4 Bxf3 27. gxf3 Bxe1 28. Bxd7
Rg6+ 29. Kf1 Ba5 30. f4 Bc7 31. Ke2 Rb8 32. Bf5 Ra6 33. Rc2 g5 34. Nd2 gxf4 35.
Rxc5 f3+ 36. Kd1 Bxe5 37. Rxe5 Rxb2 38. Kc1 Ra2 39. Rd5 R2xa3 40. Rxd4 R6a4 41.
Rxa4 Rxa4 42. Kc2 Kg7 43. Be4 Kf6 44. Bxf3 Kg5 45. Bd5 f5 46. Nf3+ Kf4 47. Ne1
Ke5 48. Bg2 Ra3 49. Kd2 Ra1 50. Ke2 Rb1 51. Bc6 Rb3 52. Bg2 Rb1 53. Nd3+ Kd4 54.
h4 Rb3 55. Ne1 Rb2+ 56. Kf3 Rb1 57. Nc2+ Ke5 58. Kg3 Rb3+ 59. Bf3 Rb8 60. Ne1
Rg8+ 61. Kh3 Rd8 62. Ng2 Rd3 63. Kg3 Ra3 64. Nf4 Ra1 65. Nd3+ Kf6 66. Nf4 Ra3
67. Ne2 Rb3 68. Nf4 Ra3 69. Nh3 Rb3 70. Kg2 Rb4 71. Kg3 Rb3 72. Kg2 Rb4 73. h5
Ke5 74. Ng1 Kf4 75. Bd5 Kg4 76. Bf7 Rb7 77. Bg6 Rb3 78. Ne2 f4 79. f3+ Kg5 80.
Nd4 Rb4 81. Nf5 Rb6 82. Kf1 Rf6 83. Ng7 Ra6 84. Kg2 Kh4 85. Nf5+ Kg5 86. Kh3 Re6
87. Nd4 Rd6 88. Nb5 Rc6 89. Be8 Re6 90. Bg6 Rc6 91. Nd4 Rd6 92. Ne2 Rc6 93. Kg2
Rd6 94. Kf2 Rd8 95. Ke1 Rd7 96. Nc3 Rd8 97. Ne2 Rd7 98. Nc3 1/2-1/2

[Event "31st World Senior 50+"]
[Site "Citta del Mare ITA"]
[Date "2023.11.04"]
[Round "10.4"]
[White "Adams, Michael"]
[Black "Minasian, Artashes"]
[Result "1-0"]
[WhiteTitle "GM"]
[BlackTitle "GM"]
[WhiteElo "2670"]
[BlackElo "2462"]
[WhiteFideId "400041"]
[BlackFideId "13300040"]
[EventDate "2023.10.25"]

1. e4 c6 2. d4 d5 3. e5 Bf5 4. h4 h5 5. Bd3 Bxd3 6. Qxd3 e6 7. Nf3 Nh6 8. Bxh6
Rxh6 9. Nc3 Nd7 10. Ne2 Qa5+ 11. c3 Qb5 12. Qd2 c5 13. a4 Qb6 14. O-O c4 15. a5
Qc6 16. Rfb1 Be7 17. b3 cxb3 18. Rxb3 Rh8 19. Qb2 b6 20. axb6 axb6 21. Rxa8+
Qxa8 22. Nf4 g6 23. Ng5 Qc6 24. Qa1 Rg8 25. Qc1 Bxg5 26. hxg5 Kf8 27. Qa3+ Kg7
28. Qe7 Ra8 29. c4 dxc4 30. Rf3 Rf8 31. d5 exd5 32. e6 Ne5 33. Qf6+ Kh7 34. Qxe5 1-0

[Event "31st World Senior 50+"]
[Site "Citta del Mare ITA"]
[Date "2023.11.04"]
[Round "10.17"]
[White "Dieu, Bruno"]
[Black "Haessel, Dale R."]
[Result "0-1"]
[WhiteTitle "FM"]
[BlackTitle "FM"]
[WhiteElo "2221"]
[BlackElo "2023"]
[WhiteFideId "603759"]
[BlackFideId "2012618"]
[EventDate "2023.10.25"]

1. d4 d5 2. Nc3 c5 3. e4 dxe4 4. d5 Nf6 5. f3 exf3 6. Nxf3 g6 7. Bc4 Bg7 8. O-O
O-O 9. Qe1 Nbd7 10. Qh4 Nb6 11. Bg5 Bf5 12. Rae1 Re8 13. Bb5 Rf8 14. Bh6 a6 15.
Be2 Bxh6 16. Qxh6 Ng4 17. Qd2 e6 18. h3 Nf6 19. Qh6 Nbxd5 20. Ng5 Ne3 21. Nce4
Re8 22. Nxf6+ Qxf6 23. Rf3 Nxc2 24. Ref1 Nd4 25. R3f2 Nxe2+ 26. Rxe2 Qg7 27.
Qxg7+ Kxg7 28. g4 h6 29. gxf5 hxg5 30. f6+ Kh7 31. Re5 b6 32. a4 a5 33. Rf3 Rad8
34. Rb3 Rd6 35. Kf2 Red8 36. Re4 Rd4 37. Ke3 Rb4 38. Rbxb4 axb4 39. Rc4 Rd5 40.
Rc2 0-1

[Event "31st World Senior 50+"]
[Site "Citta del Mare ITA"]
[Date "2023.11.05"]
[Round "11.2"]
[White "Mrva, Martin"]
[Black "Adams, Michael"]
[Result "0-1"]
[WhiteTitle "GM"]
[BlackTitle "GM"]
[WhiteElo "2366"]
[BlackElo "2670"]
[WhiteFideId "14900092"]
[BlackFideId "400041"]
[EventDate "2023.10.25"]

1. e4 e5 2. Nf3 Nc6 3. Bc4 Nf6 4. d3 Bc5 5. c3 a6 6. a4 Ba7 7. O-O d6 8. Nbd2
O-O 9. h3 h6 10. Re1 Be6 11. b4 Ne7 12. Bxe6 fxe6 13. Nf1 Ng6 14. Be3 Bxe3 15.
Rxe3 Rf7 16. Re1 Qe7 17. g3 Raf8 18. N1h2 d5 19. Kg2 c5 20. bxc5 Qxc5 21. Qb3
Qc6 22. exd5 Nxd5 23. Qc4 Rxf3 24. Nxf3 Ndf4+ 25. gxf4 Nh4+ 26. Kf1 Qxf3 27.
Qxe6+ Kh7 28. Qg4 Qxd3+ 29. Re2 Rxf4 30. Qg3 Qxg3 0-1